[Event "82nd Armenian Men Championship 2022"]
[Site "Yerevan"]
[Date "2022.01.14"]
[Round "3.2"]
[White "Martirosyan, Haik M."]
[Black "Petrosyan, Manuel"]
[Result "1/2-1/2"]
[WhiteElo "2621"]
[BlackElo "2620"]
[Annotator "TA"]
[PlyCount "121"]
[EventDate "2022.01.12"]
[EventType "tourn"]
[EventCountry "ARM"]
[SourceTitle "playchess.com"]
[Source "ChessBase"]
[SourceQuality "1"]

{[%evp 11,121,20,18,13,19,4,14,8,20,19,4,5,10,17,6,11,13,19,10,7,4,4,10,11,16,0,15,0,0,-12,-20,-14,-16,-40,-45,-47,-43,-75,-66,-75,-64,-112,-106,-110,-123,-147,-162,-152,-114,-104,-122,-108,-48,-56,-54,-80,-36,-62,-56,-71,-69,-63,-73,-71,-71,-64,-81,-92,-26,-37,-19,-22,-18,-14,-14,-36,-32,-28,0,0,0,0,-8,-8,-8,-8,-8,-8,-8,-8,-8,-8,-8,-8,-8,-8,-8,-8,-8,-8,-8,-8,0,0,0,0,0,-8,-8,-8,-8,-8]} 1. d4 Nf6 2. c4 e6 3. Nf3 d5 4. Nc3 Bb4 5. Qa4+ Nc6 {[%cal Bb8c6,Bc6b4,Bb4a6,Ba6c7,Bc7d5][%mdl 32]} 6. e3 O-O 7. Qc2 {D38: Queen's Gambit Declined: Ragozin Defence (4 Nf3 Bb4).} Re8 8. Bd2 Bf8 $1 {8...Bf8 is better than 8...a6.} 9. Be2 Nb4 10. Qb1 dxc4 11. Bxc4 b6 12. a3 Ba6 {[#]} 13. Bxa6 $146 ({Predecessor:} 13. Be2 Bxe2 14. Nxe2 Na6 15. b4 c5 16. O-O cxd4 17. Nexd4 Rc8 18. Rc1 Qd5 19. Qb3 Qxb3 20. Nxb3 {½-½ (41) Fedoseev,V (2676)-Predke,A (2696) Sochi 2020}) 13... Nxa6 14. b4 c5 15. dxc5 bxc5 16. b5 $1 Nc7 17. O-O a6 18. a4 {Strongly threatening b6.} Ncd5 19. Rd1 Qb8 20. e4 Nb4 21. bxa6 Rxa6 22. Qb3 Qb7 23. Qc4 Nd7 24. Bf4 Rea8 25. Qe2 Nb6 {[%cal Rb6a4]} 26. Rac1 (26. Rab1 $15 {is superior.}) 26... Nxa4 $17 27. Nxa4 Rxa4 28. Bd6 Bxd6 29. Rxd6 Ra1 30. Rdd1 {[%csl LRa1,LRc5]} Rxc1 31. Rxc1 Qa6 (31... Ra3 $17 {Threatens to win with ...Nd3.} 32. Ne5 h6) 32. Qxa6 $15 Rxa6 {[%mdl 4096] Endgame KRN-KRN} 33. Kf1 Rc6 ({Better is} 33... Ra5 $17) 34. Ne5 Rc7 35. Rd1 {[%cal Rd1d8] [#]} g5 36. Ke2 Kg7 37. Rc1 h5 38. h3 f6 39. Nf3 {[%cal Of3d4]} Rc6 (39... e5 $17 40. h4 g4) 40. e5 $11 Nd5 41. exf6+ $1 Kxf6 42. Nd2 Nf4+ 43. Kf3 Ke5 44. Re1+ Kd4 {White must now prevent ...e5.} 45. h4 $1 {The position is equal.} c4 {...Nd3 is the strong threat.} 46. hxg5 Ng6 47. Rd1 Kc3 48. Ne4+ Kb2 {[#] aiming for ...c3.} 49. Rd2+ Kb3 50. Ke3 c3 51. Rd3 Kb2 {And now ...c2 would win.} 52. Rxc3 Rxc3+ 53. Nxc3 Kxc3 {KN-K3P} 54. Ke4 $1 Kc4 (54... Kb4 $5 55. f4 Kc5 $11) 55. f4 Kc5 {( -> ...Kd6)} 56. f5 $1 Ne7 {Hoping for ...Kd6.} 57. Ke5 exf5 58. Ke6 Ng8 59. Kxf5 Kd6 60. Kg6 Ke6 61. Kxh5 {Weighted Error Value: White=0.05 (flawless) /Black=0.07 (flawless)} 1/2-1/2

[Event "82nd Armenian Men Championship 2022"]
[Site "Yerevan"]
[Date "2022.01.14"]
[Round "3.3"]
[White "Ter-Sahakyan, Samvel"]
[Black "Shahinyan, David"]
[Result "1-0"]
[WhiteElo "2637"]
[BlackElo "2486"]
[Annotator "TA"]
[PlyCount "71"]
[EventDate "2022.01.12"]
[EventType "tourn"]
[EventCountry "ARM"]
[SourceTitle "playchess.com"]
[Source "ChessBase"]
[SourceQuality "1"]

{[%evp 11,71,0,28,20,38,38,55,35,87,92,132,117,169,174,132,138,331,282,333,338,297,262,264,243,302,294,290,305,371,377,359,315,315,328,324,266,241,231,297,207,298,225,225,223,227,235,230,236,414,414,411,411,701,661,1082,1093,1058,1061,981,965,1052,1034]} 1. e4 e6 2. d4 d5 3. Nc3 {[%cal Bb1c3,Bc3e2,Be2d4][%mdl 32]} Nf6 4. e5 Nfd7 5. f4 c5 6. Nf3 a6 7. Ne2 {C11: French: Classical System: 4 e5 and 4 Bg5 dxe4.} cxd4 8. Nexd4 Bc5 {[#]} 9. Bd3 $146 {White is slightly better.} ({Predecessor:} 9. c3 Nc6 10. Bd3 h6 11. O-O O-O 12. Be3 Re8 13. Bc2 Qb6 14. b4 Nxd4 15. Nxd4 Bxd4 16. Bxd4 {½-½ (44) Barros Uriburu,N (1108)-Lombardi,D (880) LSS email 2015}) 9... b5 (9... Nc6 $14 10. c3 Bb6) 10. Be3 {Active counter play!} Qb6 11. c3 Nc6 (11... b4 $16 {was worth a try.}) 12. b4 $18 Nxd4 ({Black should try} 12... Bxd4 $18 13. Nxd4 Qc7) 13. Nxd4 $16 Bf8 {Loses the game.} (13... Be7 $16) 14. O-O g6 15. a4 bxa4 16. Qxa4 Bb7 17. Rfc1 Rc8 18. Bf2 ({Not} 18. Bxa6 Ra8 $16) 18... Be7 19. Nb3 ({Less strong is} 19. Bxa6 Bxa6 20. Qxa6 Qxa6 21. Rxa6 Bxb4 $14) 19... Bc6 20. Qxa6 ({Weaker is} 20. Bxb6 Bxa4 21. Rxa4 Nxb6 22. Rxa6 Bd8 23. Bb5+ Kf8 $18) 20... Qc7 21. Qa5 O-O 22. Qxc7 Rxc7 23. Nd4 {And now c4 would win.} Rfc8 24. h4 {To avoid g5} Nb8 25. Rcb1 Rb7 (25... Be8 {keeps fighting.} 26. Ne2 Nd7) 26. g3 Be8 27. Ra3 Rbc7 28. Ne2 Rb7 29. Ra8 {[#] Threatens to win with Ba6.} Bb5 {Inhibits Ba6.} (29... Rd8 {might work better.} 30. Rba1 f6) 30. Bxb5 $18 Rxb5 31. Rba1 {[%cal Bb1a1,Ba1a7,Ba7a6,Ba6b6][%mdl 32]} Kf8 (31... Rf8 $142 32. R8a7 Bd8) 32. R1a7 {White is clearly winning.} Bd8 33. Bc5+ Rcxc5 34. bxc5 Nc6 35. Ra6 Nb8 {[#]} 36. Rb6 $1 {[%mdl 512] Weighted Error Value: White=0.13 (very precise) /Black=0.40} 1-0

[Event "82nd Armenian Men Championship 2022"]
[Site "Yerevan"]
[Date "2022.01.14"]
[Round "3.4"]
[White "Mikaelyan, Arman"]
[Black "Gabuzyan, Hovhannes"]
[Result "1-0"]
[WhiteElo "2508"]
[BlackElo "2589"]
[Annotator "TA"]
[PlyCount "103"]
[EventDate "2022.01.12"]
[EventType "tourn"]
[EventCountry "ARM"]
[SourceTitle "playchess.com"]
[Source "ChessBase"]
[SourceQuality "1"]

{[%evp 18,103,26,17,21,21,43,25,15,14,58,70,94,91,109,124,126,110,133,117,110,108,124,126,130,138,130,89,81,73,82,75,110,31,53,58,64,56,60,58,89,64,77,77,75,56,62,31,37,38,35,38,64,67,60,63,60,0,0,0,23,0,0,0,23,23,23,23,23,12,191,174,199,0,0,0,199,199,199,177,1982,1949,29983,29984,29983,1982,29984,29985]} 1. d4 Nf6 2. c4 d6 3. Nc3 e5 4. Nf3 Nbd7 5. g3 g6 6. Bg2 Bg7 7. O-O O-O 8. b3 Re8 9. e4 {is the new trend.} c6 10. d5 cxd5 {E68: King's Indian: Fianchetto: 6...Nbd7 7 0-0 e5 8 e4.} 11. cxd5 b5 12. a3 {[#]} (12. Re1 $5 {[%cal Rc3b5]}) 12... Nc5 $146 {[%cal Bd7c5,Bc5e4,Be4c3][%mdl 32] White has an edge.} ({Predecessor:} 12... a5 13. Re1 Rb8 14. b4 axb4 15. axb4 Nb6 16. Bf1 Nc4 17. Qb3 Qb6 18. Nxb5 Qxb5 19. Bxc4 Qxb4 20. Qxb4 Rxb4 {½-½ (44) Dolnak,M (2141)-Kakabayaev,M Istanbul 2012}) 13. Ne1 {[%cal Bf3e1,Be1d3,Bd3f4,Bf4e6][%mdl 32]} a5 (13... Bd7 $11 {deserves consideration.}) 14. Nd3 $1 $14 Bg4 15. f3 {[%cal Bf2f3,Bf3g4][%mdl 32]} Nfxe4 16. Nxe4 Nxe4 17. fxg4 Nc3 18. Qe1 (18. Qf3 $6 e4 19. Qxf7+ Kh8 $11) 18... e4 19. Nf4 {Be3 is the strong threat.} e3 20. Bxe3 {And now Qf2 would win.} g5 {[#]} 21. Ne6 {[%mdl 512]} fxe6 22. dxe6 (22. Qd2 $142 $1) 22... Rxe6 $16 {aiming for ...d5.} 23. Qd2 (23. Bxa8 Qxa8 24. Rc1 (24. Qf2 Rxe3 25. Rae1 Rxe1 $17) 24... Nd5 $17) 23... d5 {[%cal Oe6e3] Hoping for ...Rxe3!} 24. Rae1 (24. Bxg5 Re2 25. Bxd8 (25. Qf4 Qb6+ 26. Kh1 Rf8 $15) 25... Rxd2 $11) (24. Qf2 $2 Rxe3 $1 {[%mdl 512]} 25. Qxe3 Bd4 $1 {[%mdl 512]} 26. Qxd4 (26. Rf8+ $2 Kxf8 27. Rf1+ Kg8 $19) 26... Ne2+ 27. Kh1 Nxd4 $19) 24... h6 {[#]} 25. Kh1 (25. Qf2 $6 Qf8 $14) (25. Bxg5 $1 $16 {[%mdl 512]} Qb6+ 26. Be3 Rxe3 27. Rxe3 (27. Qxe3 $2 Bd4 $19)) 25... Ne4 26. Qd3 Qe8 27. Bg1 {This bishop pair is nice.} (27. Qxd5 $6 Rd8 28. Bxe4 Rxd5 29. Bxd5 Kh7 30. Bxe6 Qxe6 $11) 27... Rd8 28. Rc1 Qd7 29. Rf5 b4 $1 30. axb4 axb4 31. Rd1 {[%cal Rf5d5]} Nc3 32. Rdf1 (32. Bxd5 Nxd5 33. Qxd5 (33. Rxd5 $2 Qb7 $19) 33... Qxd5+ 34. Rdxd5 Rxd5 35. Rxd5 Re1 $11) 32... Qe7 33. Bd4 ({Not} 33. Bxd5 $2 Nxd5 34. Rd1 (34. Rxd5 $2 Qb7 $19) 34... Red6 $19) 33... Bxd4 34. Qxd4 Re1 35. Rxe1 $1 Qxe1+ 36. Rf1 Qe7 37. Qb6 (37. Ra1 $14) 37... Qd6 $11 38. Qd4 Re8 39. Qd3 Kg7 40. Qd4+ Kg8 41. Ra1 Qe5 42. Qb6 Kg7 {Inhibits Qg6+.} 43. Rf1 (43. Qxb4 $5 {[%cal Ra1f1]} Re7 44. Rf1 $14) 43... d4 $2 (43... Rf8 $11) 44. Rf5 $18 (44. Qxb4 d3 45. Qc4 d2 46. Qf7+ Kh8 $11) 44... Qe1+ 45. Rf1 {Threatens to win with Qf6+.} Qe5 {Prevents Qf6+.} 46. Rf5 $36 {[%mdl 2048] White is more active.} Qe1+ 47. Bf1 $1 {Threatening mate with Qf6+.} Qe4+ {[#]} 48. Kg1 $1 {White wants to mate with Qf6+.} Ne2+ $2 (48... Qe3+ 49. Kg2 (49. Kh1 Nd5 $16) 49... Nd5 50. Qb7+ Ne7) 49. Bxe2 {White threatens Qf6+ and mate.} Qxe2 {[#]} 50. Qf6+ $1 Kh7 51. Qf7+ Kh8 52. Rf6 {Weighted Error Value: White=0.15 (very precise) /Black=0.27 (precise)} 1-0

[Event "82nd Armenian Men Championship 2022"]
[Site "Yerevan"]
[Date "2022.01.14"]
[Round "3.5"]
[White "Andriasian, Zaven"]
[Black "Sargsyan, Shant"]
[Result "1/2-1/2"]
[WhiteElo "2578"]
[BlackElo "2628"]
[Annotator "TA"]
[PlyCount "50"]
[EventDate "2022.01.12"]
[EventType "tourn"]
[EventCountry "ARM"]
[SourceTitle "playchess.com"]
[Source "ChessBase"]
[SourceQuality "1"]

{[%evp 12,50,21,12,21,0,0,-5,7,6,8,0,0,0,0,0,7,0,14,0,0,0,0,0,0,-1,0,0,0,0,0,0,0,0,0,0,0,0,0,0,21]} 1. e4 e5 2. Nf3 Nc6 3. Bc4 Nf6 4. d3 Bc5 5. Nbd2 d6 6. c3 O-O 7. O-O {The position is equal.} a5 {C54: Giuoco Piano: 4 c3 Nf6, main lines with 5 d4 and 5 d3.} 8. h3 Be6 9. Bb5 h6 10. Re1 Nd7 11. Nf1 f5 12. exf5 Bxf5 (12... Rxf5 $2 13. d4 $18) 13. Ng3 Bg6 14. d4 exd4 15. cxd4 Bb6 16. Be3 Nb4 $1 {[#]} 17. Ba4 $146 {To avoid Nc2} ({Predecessor:} 17. Qb3+ Kh8 18. Qe6 Nf6 19. Nh4 Bh7 20. Rac1 c6 21. Bf1 Nc2 22. Rxc2 Bxc2 23. Ngf5 Qe8 24. Ne7 Bd8 25. Neg6+ Bxg6 {0-1 (25) Hansen,S (2533)-Gukesh,D (2563) Chess.com INT 2020}) 17... c6 18. a3 Nd5 19. Bc2 Bxc2 20. Qxc2 {[%cal Oe3h6]} Qf6 21. Bd2 Rae8 ({Resist} 21... Bxd4 22. Ne4 Bxf2+ 23. Nxf2 $16) 22. Qd3 Qf7 23. b4 {Black must now prevent Rxe8.} Rxe1+ 24. Rxe1 axb4 25. axb4 Re8 {An interesting draw.  Weighted Error Value: White=0.03 (flawless) /Black=0.01 (flawless)} 1/2-1/2

[Event "82nd Armenian Men Championship 2022"]
[Site "Yerevan"]
[Date "2022.01.14"]
[Round "3.6"]
[White "Harutyunyan, Tigran K."]
[Black "Pashikian, Arman"]
[Result "1/2-1/2"]
[WhiteElo "2552"]
[BlackElo "2606"]
[Annotator "TA"]
[PlyCount "54"]
[EventDate "2022.01.12"]
[EventType "tourn"]
[EventCountry "ARM"]
[SourceTitle "playchess.com"]
[Source "ChessBase"]
[SourceQuality "1"]

{[%evp 15,54,21,11,12,26,26,27,31,27,18,20,17,15,20,22,12,16,14,12,14,13,8,35,35,39,20,21,0,37,8,9,10,10,16,10,0,0,0,0,0,2]} 1. c4 e5 2. g3 Nf6 3. Bg2 d5 4. cxd5 Nxd5 5. Nf3 Nc6 6. O-O Be7 7. d4 e4 8. Ne5 f5 $1 9. Nxc6 {A20: English Opening: 1...e5.} bxc6 10. Qc2 Bd7 {Recently 10...Qd6 got a lot of attention.} 11. Nc3 {White has an edge.} O-O {[#]} 12. f3 $146 ({Predecessor:} 12. a3 Bf6 13. e3 Qe7 14. Na4 Rae8 15. Nc5 Bc8 16. Bd2 Qf7 17. Qa4 Qg6 18. Qxc6 {1-0 (30) Jovic,S (2206)-Bach,N (2239) Chess.com INT 2020}) 12... exf3 13. Bxf3 Be6 14. Nxd5 Bxd5 15. Bf4 {[%cal Of4c7]} Bxf3 16. exf3 Qxd4+ 17. Kg2 Bd6 18. Rad1 {[%mdl 1024] White has compensation.} Qf6 19. Qc4+ Kh8 20. Rf2 c5 21. b3 a5 22. Rfd2 {[%cal Rf4d6]} Bxf4 {The position is equal.} 23. Qxf4 a4 24. bxa4 Qc6 25. Rc1 Rxa4 26. Rxc5 Qa8 27. Qxc7 Rxa2 {Weighted Error Value: White=0.05 (flawless) /Black=0.04 (flawless)} 1/2-1/2

[Event "82nd Armenian Men Championship 2022"]
[Site "Yerevan"]
[Date "2022.01.15"]
[Round "4.1"]
[White "Petrosyan, Manuel"]
[Black "Shahinyan, David"]
[Result "1-0"]
[WhiteElo "2620"]
[BlackElo "2486"]
[Annotator "TA"]
[PlyCount "81"]
[EventDate "2022.01.12"]
[EventType "tourn"]
[EventCountry "ARM"]
[SourceTitle "playchess.com"]
[Source "ChessBase"]
[SourceQuality "1"]

{[%evp 9,81,42,47,39,40,38,37,37,37,37,38,37,54,37,44,40,39,37,39,34,34,30,31,29,42,30,69,58,90,67,117,108,171,166,176,175,191,181,185,115,141,130,146,126,217,216,251,0,192,137,219,164,162,174,160,156,258,239,375,255,264,264,681,688,672,669,741,743,906,911,991,985,954,935]} 1. Nf3 e6 2. g3 f5 3. Bg2 Nf6 4. O-O d5 5. c4 Be7 6. cxd5 {A04: Unusual lines after 1 Nf3 and King's Indian Attack.} exd5 7. e3 $5 {[%mdl 4] An interesting side line.} c6 8. b3 {White is slightly better.} a5 9. Nc3 {[%cal Bb1c3,Bc3e2,Be2f4][%mdl 32] [#]} Na6 $146 ({Predecessor:} 9... O-O 10. Bb2 Na6 11. d3 Nc5 12. Rb1 Re8 13. Qc2 Bf8 14. Ne2 Ne6 15. Rfd1 g6 {½-½ (25) Panno,O (2457)-Claverie,R (2397) Villa Martelli 2007}) 10. d3 Nc5 11. Ne2 O-O 12. Qc2 Ne6 13. a3 Qe8 14. Nf4 Bd6 15. Bb2 Qe7 16. Rfe1 Bd7 17. Qc1 Rac8 18. Bc3 Nc5 19. Qc2 b6 (19... Ra8 $14) 20. b4 $16 Na6 (20... axb4 $16 21. axb4 Ne6) 21. bxa5 $18 b5 22. Qa2 Kh8 23. h4 Ng4 24. h5 (24. Qc2 $18) 24... Rce8 25. Bh3 Nh6 26. Rac1 {White is more active.} Qf7 (26... Ra8 $16 27. Ra1 Rfe8) 27. Qb2 Qe7 28. Qa2 Qf7 $1 29. Rcd1 (29. Qa1 $18) 29... c5 (29... Kg8 $16 30. d4 Bxf4 31. exf4 Qxh5) 30. Qxd5 Qxd5 31. Nxd5 {And now d4 would win.} Bc6 32. e4 {aiming for Ng5.} fxe4 (32... b4 $16 {keeps fighting.}) 33. Ng5 exd3 (33... Bxd5 $2 34. dxe4 Be5 35. Bxe5 $18) (33... b4 {was worth a try.}) 34. Rxe8 {Chess con chili.} Rxe8 35. Rxd3 {[%cal Bd1d3,Bd3d6,Bd6a6,Ba6e6][%mdl 32]} Be5 {Inhibits Nf6.} (35... Bf8 36. Re3 Rd8) 36. Bxe5 {White is clearly winning.} Rxe5 37. Ne3 b4 {[#]} 38. Rd6 {Prevents g6.} Be8 (38... Bb5 39. a4) 39. Rxa6 bxa3 {[#]} 40. Re6 $1 a2 {[#]} (40... Rxe6 41. Bxe6) 41. Nc2 $1 {Weighted Error Value: White=0.20 (precise) /Black=0.39} 1-0

[Event "82nd Armenian Men Championship 2022"]
[Site "Yerevan"]
[Date "2022.01.15"]
[Round "4.2"]
[White "Gabuzyan, Hovhannes"]
[Black "Ter-Sahakyan, Samvel"]
[Result "1/2-1/2"]
[WhiteElo "2589"]
[BlackElo "2637"]
[Annotator "TA"]
[PlyCount "71"]
[EventDate "2022.01.12"]
[EventType "tourn"]
[EventCountry "ARM"]
[SourceTitle "playchess.com"]
[Source "ChessBase"]
[SourceQuality "1"]

{[%evp 13,71,7,10,-9,0,-1,0,0,4,-22,-14,-21,-18,-18,-27,-16,-29,-23,-23,-35,0,-37,-33,-29,0,3,16,-4,14,12,10,19,15,0,0,0,0,0,0,0,0,0,0,0,0,0,0,0,0,0,0,0,0,0,0,0,0,0,0,0]} 1. Nf3 d5 2. d4 Nf6 3. Bf4 c5 4. e3 Nc6 5. c3 e6 6. Nbd2 Be7 {[%cal Bf8e7,Be7c5,Bc5b6,Bb6a5][%mdl 32]} 7. Bd3 Nh5 8. Be5 $1 {[%mdl 4] is currently scoring better than 8.Bg3. D02: 1 d4 d5 2 Nf3 sidelines, including 2...Nf6 3 g3 and 2...Nf6 3 Bf4.} f6 9. Bg3 g6 10. dxc5 Bxc5 {[#]} 11. Qc2 $146 ({Predecessor:} 11. e4 O-O 12. exd5 Qxd5 13. Qe2 Kg7 14. Ne4 Be7 15. Bc4 Qa5 16. O-O-O e5 17. Nd6 {0-1 (30) Tristan,L (2535)-Iturrizaga Bonelli,E (2607) Chess.com INT 2021}) 11... Qe7 12. b4 Bb6 13. b5 Na5 14. c4 dxc4 15. Nxc4 Nxc4 16. Bxc4 Ba5+ 17. Ke2 e5 18. Rhd1 Be6 19. Bxe6 {The position is equal.} Qxe6 20. Qb3 Ng7 21. Nd2 Bxd2 22. Rxd2 O-O 23. f4 exf4 24. Bxf4 Rae8 25. Rd6 Qxb3 26. axb3 g5 27. Bg3 Nf5 {[%csl LRd6,LRe3]} 28. Rd3 Nxg3+ 29. hxg3 $11 {[%mdl 4096] Endgame KRR-KRR} Re5 30. Rxa7 Rxb5 31. g4 Rf7 32. Ra8+ Kg7 33. Rad8 Re7 34. R8d5 Rb4 35. R5d4 Rb5 36. Rd5 {Weighted Error Value: White=0.05 (flawless) /Black=0.04 (flawless)} 1/2-1/2

[Event "82nd Armenian Men Championship 2022"]
[Site "Yerevan"]
[Date "2022.01.15"]
[Round "4.3"]
[White "Pashikian, Arman"]
[Black "Mikaelyan, Arman"]
[Result "1-0"]
[WhiteElo "2606"]
[BlackElo "2508"]
[Annotator "TA"]
[PlyCount "103"]
[EventDate "2022.01.12"]
[EventType "tourn"]
[EventCountry "ARM"]
[SourceTitle "playchess.com"]
[Source "ChessBase"]
[SourceQuality "1"]

{[%evp 15,103,25,26,29,33,34,25,10,24,20,64,66,114,90,149,22,13,7,16,5,60,54,51,50,71,52,32,27,43,22,59,19,17,31,19,22,16,16,21,24,26,38,34,15,23,22,14,21,17,8,8,8,8,29,77,75,122,117,181,173,177,171,233,233,223,220,216,208,273,224,224,226,304,264,419,397,474,451,488,456,660,670,622,584,742,722,1004,955,753,622]} 1. d4 d5 2. c4 dxc4 3. e3 Nf6 4. Bxc4 e6 5. Nf3 {[%cal Bg1f3,Bf3e5,Be5d3][%mdl 32]} c5 6. O-O a6 7. dxc5 Bxc5 8. Qxd8+ Kxd8 9. Be2 {D27: Queen's Gambit Accepted: Classical main line: 7 e4!? and 7 a4.} Ke7 10. Ne5 Nbd7 11. Nd3 {White has an edge.} Bd6 12. Nd2 Nb6 {[#] Inhibits Nc4.} (12... b5 $11) 13. e4 $146 {Black must now prevent e5.} ({Predecessor:} 13. a4 Rd8 14. e4 e5 15. a5 Nbd7 16. b4 Nb8 17. Nc4 Nc6 18. Nxd6 Rxd6 19. b5 {1-0 (30) Marchlewicz,K (2045)-Nester,I (2385) Ostroda 2008}) 13... e5 (13... Bb8 $14) 14. f4 $1 $16 Bg4 {[#]} (14... Nfd7 $142) 15. Bxg4 (15. Bf3 $1 $16 Bxf3 16. Nxf3) 15... Nxg4 $11 {[%cal Bf6g4,Bg4e3,Be3c2,Bc2d4][%mdl 32]} 16. h3 Ne3 17. fxe5 Bc7 (17... Bb8 $1 $11 18. Rf3 Nc2) 18. Rf3 $14 Nc2 19. Rb1 {And now Nb3 would win.} Nd4 20. Rf2 (20. Rf1 $5 {[%cal Rd2f3]}) 20... Rhd8 21. Nf3 {Hoping for Bg5+.} Ne6 22. Nf4 h6 23. b3 {aiming for Ba3+.} Nxf4 24. Bxf4 Nd7 $1 {Strongly threatening ...Bb6.} 25. Rc2 Bb6+ 26. Kf1 Rac8 $1 27. Rbc1 Rxc2 28. Rxc2 Ke6 29. Ke2 Nb8 $1 30. Bc1 Nc6 31. Bb2 Nb4 32. Rc4 Nd3 33. Nd4+ Bxd4 34. Bxd4 $11 {[%mdl 4096] Endgame KRB-KRN} Nf4+ (34... Nc1+ $1 $11 35. Rxc1 Rxd4) 35. Kf3 $16 {White now steadily converts the win.} Ng6 ({Black should try} 35... g5) 36. Ke3 Ne7 {[#]} (36... h5 $16 {might work better.} 37. Rc7 Nh4) 37. Rc7 $1 $18 Nc6 38. Bc5 Rb8 (38... Rd1 $142 39. Rxb7 Re1+ 40. Kf2 Rc1) 39. Bd6 {[%cal Oc7c6] Rxc6! is the strong threat.} Nxe5 40. Bxe5 Kxe5 41. Rxf7 {KR-KR} g6 42. Re7+ Kf6 43. Rc7 Ke5 44. b4 h5 (44... b5 $142 45. Rc6 g5) 45. h4 Ke6 46. a3 {[%cal Ba2a3,Ba3a4,Ba4a5][%mdl 32] White is clearly winning.} Ke5 47. a4 Ke6 (47... b5 $142 48. Rc5+ Kd6 49. axb5 axb5) 48. a5 Ke5 49. g3 Ke6 50. Kf4 Rf8+ 51. Kg5 Rf3 52. Kxg6 {Weighted Error Value: White=0.11 (very precise) /Black=0.30} 1-0

[Event "82nd Armenian Men Championship 2022"]
[Site "Yerevan"]
[Date "2022.01.15"]
[Round "4.4"]
[White "Martirosyan, Haik M."]
[Black "Andriasian, Zaven"]
[Result "1/2-1/2"]
[WhiteElo "2621"]
[BlackElo "2578"]
[Annotator "TA"]
[PlyCount "70"]
[EventDate "2022.01.12"]
[EventType "tourn"]
[EventCountry "ARM"]
[SourceTitle "playchess.com"]
[Source "ChessBase"]
[SourceQuality "1"]

{[%evp 20,70,10,14,25,31,34,19,32,0,0,0,10,9,17,0,0,-4,-8,-39,-38,-26,0,-9,-31,-13,-9,-44,-50,-48,-50,-19,-18,-12,-29,-17,0,0,0,0,54,0,0,0,0,0,0,0,0,0,0,0,0]} 1. d4 Nf6 2. c4 g6 3. Nc3 Bg7 4. e4 d6 5. f3 O-O 6. Be3 c5 7. d5 e6 8. Qd2 exd5 9. cxd5 a6 10. a4 Nbd7 {[%cal Bb8d7,Bd7b6,Bb6a4][%mdl 32]} 11. Nh3 Rb8 {A65: Modern Benoni: 6 e4.} 12. Be2 Ne8 13. O-O Nc7 14. a5 b5 15. axb6 Nxb6 16. Nf2 Nb5 17. Nxb5 axb5 {[#]} 18. b4 $146 ({Predecessor:} 18. Bxb5 Nxd5 19. Qxd5 Rxb5 20. Rad1 Bxb2 21. Qxd6 Qxd6 22. Rxd6 c4 23. Rc6 c3 24. Bd4 Rb3 25. Bf6 h5 26. Nd1 Bb7 27. Rc7 Rc8 {½-½ (27) Adianto,U (2590)-Shirov,A (2695) Biel 1995}) 18... Na4 19. Rac1 {[%cal Rb4c5] Inhibits Bc3.} c4 20. Bd4 Bd7 21. f4 {[%cal Bf3f4,Bf4f5,Bf5g6][%mdl 32]} Bxd4 22. Qxd4 f6 23. Qe3 Qb6 24. Qg3 Rbe8 {[#] aiming for ...Rxe4.} 25. f5 Rxe4 26. Bf3 Re5 27. fxg6 h5 28. Kh1 Kg7 29. Qh4 {To avoid Qd4} Bf5 ({Black should try} 29... f5 $1 $11) 30. Bxh5 (30. Be4 $1 $14 Qd4 {[#]} 31. Rcd1 $1 (31. Qxh5 $2 Rh8 $19) 31... Rxe4 32. Qxh5 (32. Rxd4 Rxh4 33. Rxh4 Re8 $11)) 30... Qe3 $1 $11 {The position is equal.} 31. Ng4 Bxg4 32. Bxg4 {[%csl Gg6][%cal Rh4h7] The board is on fire.} ({Reject} 32. Qxg4 f5 33. Qh4 Re4 $17) 32... Qh6 {Inhibits Qh7+.} 33. Qf2 {Black must now prevent Rce1.} Qe3 34. Qh4 {[%csl Gg6][%cal Rh4h7]} Qh6 {Inhibits Qh7+.} 35. Qf2 {And now Rce1 would win.} Qe3 $1 {Weighted Error Value: White=0.09 (flawless) /Black=0.05 (flawless)} 1/2-1/2

[Event "82nd Armenian Men Championship 2022"]
[Site "Yerevan"]
[Date "2022.01.15"]
[Round "4.5"]
[White "Petrosian, Tigran L."]
[Black "Harutyunyan, Tigran K."]
[Result "1/2-1/2"]
[WhiteElo "2573"]
[BlackElo "2552"]
[Annotator "TA"]
[PlyCount "82"]
[EventDate "2022.01.12"]
[EventType "tourn"]
[EventCountry "ARM"]
[SourceTitle "playchess.com"]
[Source "ChessBase"]
[SourceQuality "1"]

{[%evp 9,82,17,20,13,20,8,4,6,6,0,0,-10,-22,-6,0,0,-6,-2,0,0,6,0,8,7,6,14,12,5,10,0,41,41,44,43,45,37,45,43,41,45,46,41,41,45,45,44,46,0,0,0,44,25,51,51,50,50,50,42,61,61,79,71,79,79,81,81,81,81,81,59,59,59,59,0,59]} 1. e4 e5 2. Nf3 Nc6 3. Bb5 Nf6 4. d3 Bc5 5. Bxc6 dxc6 6. Nbd2 {C65: Ruy Lopez: Berlin Defence (3...Nf6), unusual lines and 4 0-0 Bc5.} Nd7 $1 {[%mdl 4] 6...Nd7 is setting a new trend.} 7. Qe2 Qe7 8. Nc4 b6 {[#]} 9. Bd2 $146 ({Predecessor:} 9. a3 Ba6 10. Ne3 Bxe3 11. Bxe3 c5 12. O-O O-O 13. Nd2 Bb7 14. a4 a5 15. f4 {0-1 (32) Sjugirov,S (2674)-Andreikin,D (2726) Chess.com INT 2020}) 9... a5 10. h3 Ba6 11. Ne3 Bxe3 12. Qxe3 c5 13. Bc3 O-O-O 14. Nd2 f6 15. f4 c4 16. dxc4 exf4 17. Qxf4 Nc5 {[%cal Oc5e4]} 18. O-O-O Na4 19. Nb1 Bb7 (19... Bxc4 $11 20. b3 Nxc3 21. Nxc3 Bf7) 20. b3 $14 Nc5 21. e5 fxe5 22. Bxe5 Rxd1+ 23. Rxd1 Re8 24. Re1 Ne4 25. Bb2 g5 26. Qf5+ Qd7 27. Qxd7+ Kxd7 28. Rd1+ (28. Na3 $14) 28... Kc8 $11 29. Re1 (29. Bg7 $11) 29... Kd7 $14 30. Bd4 Nd6 31. Rxe8 Kxe8 {[%mdl 4096] Endgame KBN-KBN} 32. g3 Kd7 33. Nc3 Bg2 34. h4 Ne4 35. hxg5 Nxc3 36. Bxc3 $16 {KB-KB} c5 37. Kb2 Be4 38. Bf6 Bf5 39. c3 Be4 40. Ka3 Bb1 41. Kb2 Be4 {Weighted Error Value: White=0.07 (flawless) /Black=0.04 (flawless)} 1/2-1/2